Classical groups for physicists

Guardat en:
Dades bibliogràfiques
Autor principal: Wybourne, Brian G (Autor)
Format: Llibre
Idioma:anglès
Publicat: Nueva York John Wiley 1974
Matèries:
Etiquetes: Afegir etiqueta
Sense etiquetes, Sigues el primer a etiquetar aquest registre!

MARC

LEADER 00000nam a2200000 a 4500
001 UCL7211
003 CL-VaPUC
008 040507e19740000US |||||||||||||||||eng|d
020 |a 0471965057 
082 0 4 |a 512.55  |b WYB  |2 21 
100 0 |a Wybourne, Brian G  |e author  |9 485039 
245 1 0 |a Classical groups for physicists 
300 |a 415 p 
942 |c BK 
945 |d 20040507 00:00:00  |a cmena 
260 |a Nueva York  |b John Wiley   |c 1974 
650 0 |a Álgebra de Lie  |9 271226 
650 0 |a Grupos de Lie   |9 271231 
583 |a last modification  |c 20040507 00:00:00  |k Rodrigo Vera 
999 |c 309061  |d 309059 
952 |0 0  |1 0  |4 0  |6 512_550000000000000_WYB_1974  |7 0  |8 A  |9 376158  |a BIBCUR  |b BIBCUR  |d 2019-11-21  |i 2111330  |o 512.55 WYB 1974  |p 2111330  |r 2025-04-22  |w 2019-11-21  |y BK  |k FIS